Atlas cronológico de historia SPES

保存先:
書誌詳細
フォーマット: 図書
言語:スペイン語
出版事項: Barcelona Biblograf 1980
主題:
タグ: タグ追加
タグなし, このレコードへの初めてのタグを付けませんか!

MARC

LEADER 00000nam a2200000 a 4500
001 UCV9562
003 CL-VaPUC
008 921125e19800000SP |||||||||||||||||spa|d
082 0 4 |a 902.02  |b ATL  |2 21 
245 1 0 |a Atlas cronológico de historia SPES 
300 |a 303 p 
942 |c BK 
945 |d 19921125 00:00:00 
260 |a Barcelona  |b Biblograf  |c 1980 
650 0 |a Cronología   |9 268356 
583 |a last modification  |c 20170518 01:05:25  |k Rodrigo Vera 
999 |c 214878  |d 214876 
952 |0 0  |1 0  |4 0  |6 902_020000000000000_ATL_1980  |7 0  |8 X  |9 198691  |a BIBHIS  |b BIBHIS  |d 2019-11-14  |i 1348833  |o 902.02 ATL 1980  |p 1348833  |r 2024-01-30  |w 2019-11-14  |y BK_X  |k HIS